| 000 | 00708nam a2200265Ia 4500 | ||
|---|---|---|---|
| 003 | OSt | ||
| 005 | 20221006153513.0 | ||
| 006 | a|||||r|||| 00| 0 | ||
| 007 | ta | ||
| 008 | 221006b |||||||| |||| 00| 0 jpn d | ||
| 020 | _c¥3399 | ||
| 024 | _a32,492 | ||
| 037 |
_bGift, Japan Foundation _cTextual |
||
| 040 |
_aEASL _cEASL _bjpn |
||
| 041 |
_2jpn _ajpn |
||
| 082 | _aY:4.42, N6 | ||
| 100 |
_aKURIHARA Akira Ed. _9643263 |
||
| 245 | 0 | _aNihon shakai no sabetsu kozo | |
| 260 |
_aTokyo _bKobundo Japan _c1996 |
||
| 300 |
_a310p. _ccm. |
||
| 490 | _v JL | ||
| 650 | _aJL | ||
| 942 |
_hY:4.42, N6 _cTEXL _2CC |
||
| 999 |
_c1100578 _d1100578 |
||